000 00606nam a2200193Ia 4500
003 GCL
008 140319s9999 xx 000 0 ara d
040 _aGCL /
_cGCL
082 0 4 _aم
_b920
_bخ ا
100 1 _aخيرالدين الزريكلى
245 1 0 _aالاعلام- قاموس تراجم /
_cخيرالدين الزريكلى
260 _a[S.N] :
_bدار الكتب المصرية
300 _aمتعدد
490 _aشكاوى المصرى الفصيح
_v0
650 0 4 _aالاستشراق والمستشرقون
650 0 4 _aالعرب
650 0 4 _aالنساء
942 _2ddc
_cREF
999 _c59352
_d59352